| 000 | 01130cad a22002535a 4500 | ||
|---|---|---|---|
| 001 | E150030 | ||
| 008 | 100525s2010 xxk f 000 0 eng d | ||
| 035 | _a(Sirsi) u150030 | ||
| 041 | 0 | _aeng | |
| 050 | 0 | 4 | _a333.72 $2 18 |
| 110 | 2 |
_aPriceWaterhouseCoopers _93793 |
|
| 245 | 0 | 0 |
_a100% renewable electricity _ba roadmap to 2050 for Europe and North Africa _h[electronic resource] |
| 260 |
_a[S.l.] _bPWC _c2010 |
||
| 520 | _aSets out how Europe and North Africa can achieve an electricity system based wholy on renewable sources by 2050. Suggests that the technologies are already in place to achieve this, however changes are needed to regulatory and legal systems. | ||
| 590 | _aKA | ||
| 651 | 4 | _aEurope | |
| 651 | 4 | _aAfrica | |
| 690 | _aENVIRONMENTAL AND LAND CONSULTANCY-ENERGY-ENERGY USE-ENERGY EFFICIENCY | ||
| 710 | 1 | _aPotsdam Institute for Climate Impact Research | |
| 710 | 1 | _aInternational Institute for Applied Systems Analysis | |
| 710 | 1 | _aEuropean Climate Forum | |
| 856 | 4 | 0 |
_uhttps://www.pwc.co.uk/pdf/100_percent_renewable_electricity.pdf _zView the report free of charge at www.pwc.co.uk |
| 942 | _n0 | ||
| 999 |
_c110702 _d110702 |
||